Größte Städte im Regierungsbezirk Kassel - Statistiken

Allgemein
  • Dieses Quiz wurde 200 mal gespielt
  • Das Durchschnittsergebnis liegt bei 5 aus 10
Antwortstatistiken
Einwohner Stadt % Korrekt
200.406 Kassel
98%
27.906 Baunatal
76%
68.462 Fulda
73%
30.101 Bad Hersfeld
63%
18.166 Vellmar
52%
19.278 Eschwege
49%
23.287 Korbach
48%
17.231 Bad Wildungen
32%
17.739 Frankenberg
30%
18.195 Schwalmstadt
29%
Keine übereinstimmenden Quizze gefunden
Verteilung der Resultate
Anzahl Personen mit jedem Resultat
Perzentil nach korrekt beantworteten Fragen
Ihre Resultats-Entwicklung
Sie haben dieses Quiz noch nicht gespielt